| 000 | 01256nam a2200253Ia 4500 | ||
|---|---|---|---|
| 999 |
_c53476 _d53476 |
||
| 001 | 20522 | ||
| 003 | GE_BSU | ||
| 005 | 20250724145656.0 | ||
| 008 | 181216s2017||||ge |||||||||||||| ||geo|| | ||
| 020 | _a9789941246418 | ||
| 040 | _cGE_BSU | ||
| 041 | _ageo | ||
| 080 | _a27-36 თ-54 | ||
| 245 |
_a Ⴇვენი. [ტ.] 15, 21 მაისი - 31 მაისი (ახალი სტილით 3 ივნისი - 13 ივნისი) / _c პროექტის ავტორი და რედაქტორი თამარ მამაცაშვილი ; შემდგენელი სოფიო თავაძე ; დიზაინერი რატი თორდია. |
||
| 264 |
_aთბილისი : _bპალიტრა L, _c2017. |
||
| 300 |
_a 264. გვ. ; _c22 სმ. |
||
| 490 | _aჟურნალ "კარიბჭის" ბიბლიოთეკა | ||
| 541 | _h6 ლ. | ||
| 653 | _aთვენი. 21 მაისი -31 მაისი. 15 | ||
| 653 | _aრელიგია | ||
| 653 | _aმართლმადიდებლური ეკლესია | ||
| 653 | _a წმინდანთა ცხოვრება | ||
| 942 |
_cBK _2udc |
||